000 00831nam a2200241Ia 4500
003 OSt
005 20220926002215.0
006 a|||||r|||| 00| 0
007 ta
008 220923b |||||||| |||| 00| 0 eng d
020 _a9789350981542
_c1395.00
037 _bP-996/18-19, 05/03/2019, Manohar Publishers & Distributors
_cGeneral Book
040 _aRTL
_cRTL
_beng
041 _2eng
_aeng
082 _aQ2;332.49G, Q7
100 _aBOUILLIER Veronique
_9298254
245 0 _aMonastic wanderers
_b Nath Yogi ascetics in modern South Asia
260 _a New Delhi
_bManohar Publications
_c2017
300 _axvi,351p
_ccm.
650 _aSociology
942 _hQ2;332.49G, Q7
_cGB
_2CC
999 _c604118
_d604118